| Tag |
First Indicator |
Second Indicator |
Subfields |
| LEADER |
00000cam a2200000 a 4500 |
| 001 |
in00000554232 |
| 005 |
20151014051202.0 |
| 008 |
810527s1980 au b 00010 eng d |
| 035 |
|
|
|a (OCoLC)07449106
|
| 035 |
|
|
|9 ACJ2853AM
|
| 040 |
|
|
|a IBV
|c IBV
|d TXA
|d UtOrBLW
|
| 049 |
|
|
|a TXAM
|c [1390899]
|
| 090 |
|
|
|a PR2297
|b .M3 1980
|
| 100 |
1 |
|
|a Lodge, Thomas,
|d 1558?-1625.
|
| 240 |
1 |
2 |
|a A Margarite of America
|
| 245 |
1 |
4 |
|a And [!] old-spelling critical edition of Thomas Lodge's A Margarite of America (1596) /
|c by James Clyde Addison, Jr.
|
| 264 |
|
1 |
|a Salzburg :
|b Institut fur Anglistik und Amerikanistik, Universitat Salzburg,
|c 1980.
|
| 300 |
|
|
|a ix, 247 pages ;
|c 21 cm.
|
| 336 |
|
|
|a text
|b txt
|2 rdacontent
|
| 337 |
|
|
|a unmediated
|b n
|2 rdamedia
|
| 338 |
|
|
|a volume
|b nc
|2 rdacarrier
|
| 490 |
1 |
|
|a Salzburg studies in English literature
|
| 490 |
1 |
|
|a Elizabethan & Renaissance studies ;
|v 96
|
| 500 |
|
|
|a Vita.
|
| 502 |
|
|
|b Ph. D.
|c University of Tennessee
|d 1980.
|
| 504 |
|
|
|a Bibliography: pages 213-219.
|
| 700 |
1 |
|
|a Addison, James Clyde.
|
| 830 |
|
0 |
|a Salzburg studies in English literature.
|
| 830 |
|
0 |
|a Salzburg studies in English literature.
|p Elizabethan & Renaissance studies ;
|v 96.
|
| 999 |
|
|
|a MARS
|
| 999 |
f |
f |
|s e2f3275b-c4db-3767-8954-e8196aa2a5bf
|i 8079d80b-da3f-3f7d-987c-a0892fc3c4c6
|t 0
|
| 952 |
f |
f |
|p normal
|a Texas A&M University
|b College Station
|c Sterling C. Evans Library
|d Evans: Library Stacks
|t 0
|e PR2297 .M3 1980
|h Library of Congress classification
|i unmediated -- volume
|m A14808866889
|
| 998 |
f |
f |
|a PR2297 .M3 1980
|t 0
|l Evans: Library Stacks
|